Counselling children : (Record no. 13469)
[ view plain ]
| 000 -LEADER | |
|---|---|
| fixed length control field | 00576cam a2200193 i 4500 |
| 020 ## - INTERNATIONAL STANDARD BOOK NUMBER | |
| ISBN | 9781446256534 (hbk) |
| 020 ## - INTERNATIONAL STANDARD BOOK NUMBER | |
| ISBN | 9781446256541 (pbk) |
| 082 00 - DEWEY DECIMAL CLASSIFICATION NUMBER | |
| Classification number | 618.928 |
| 100 1# - MAIN ENTRY--AUTHOR NAME | |
| Personal name | Geldard, Kathryn. |
| 245 10 - TITLE STATEMENT | |
| Title | Counselling children : |
| Remainder of title | a practical introduction / |
| Statement of responsibility, etc | Kathryn Geldard, David Geldard, and Rebecca Yin Foo. |
| 250 ## - EDITION STATEMENT | |
| Edition statement | Fourth edition. |
| 260 ## - PUBLICATION, DISTRIBUTION, ETC. (IMPRINT) | |
| Place of publication | London |
| Name of publisher | Sage Publishers |
| Year of publication | 2013 |
| 300 ## - PHYSICAL DESCRIPTION | |
| Number of Pages | 433 pages : |
| Other physical details | illustrations ; |
| 650 #0 - SUBJECT ADDED ENTRY--TOPICAL TERM | |
| Topical Term | Children |
| 650 #0 - SUBJECT ADDED ENTRY--TOPICAL TERM | |
| Topical Term | Child psychotherapy. |
| 700 1# - ADDED ENTRY--PERSONAL NAME | |
| Personal name | Geldard, David. |
| 700 1# - ADDED ENTRY--PERSONAL NAME | |
| Personal name | Foo, Rebecca Yin. |
| 942 ## - ADDED ENTRY ELEMENTS (KOHA) | |
| Koha item type | Books |
| Withdrawn status | Lost status | Collection code | Permanent Location | Current Location | Shelving location | Date acquired | Full call number | Accession Number | Koha item type |
|---|---|---|---|---|---|---|---|---|---|
| | | Psychology | MAJU | MAJU | Shelf No.B35 | 2022-11-24 | 618.928 | 10489 | Books |